Gorī najaroṃ meṃ hama. (Record no. 73223)

MARC details
000 -LEADER
fixed length control field 00618cam a22002171 4500
001 - CONTROL NUMBER
control field sa 67002364
003 - CONTROL NUMBER IDENTIFIER
control field DLC
005 - DATE AND TIME OF LATEST TRANSACTION
control field 20260227112330.0
008 - FIXED-LENGTH DATA ELEMENTS--GENERAL INFORMATION
fixed length control field 870304s1964 ii a 000 0 hin
010 ## - LIBRARY OF CONGRESS CONTROL NUMBER
LC control number sa 67002364
035 ## - SYSTEM CONTROL NUMBER
System control number (OCoLC)15269729
040 ## - CATALOGING SOURCE
Original cataloging agency DLC
Transcribing agency NRU
Modifying agency NRU
-- DLC
042 ## - AUTHENTICATION CODE
Authentication code premarc
050 00 - LIBRARY OF CONGRESS CALL NUMBER
Classification number DS421
Item number .M23
100 1# - MAIN ENTRY--PERSONAL NAME
Personal name Machwe, Prabhakar Balvant,
Dates associated with a name 1917-
245 10 - TITLE STATEMENT
Title Gorī najaroṃ meṃ hama.
Statement of responsibility, etc. [Lekhaka] Prabhākara Macve.
260 ## - PUBLICATION, DISTRIBUTION, ETC.
Place of publication, distribution, etc. [Dilli,
Name of publisher, distributor, etc. Rāmlocana Prakaśana,
Date of publication, distribution, etc. 1964]
300 ## - PHYSICAL DESCRIPTION
Extent 136 p.
Other physical details illus.
Dimensions 18 cm.
500 ## - GENERAL NOTE
General note In Hindi.
651 #0 - SUBJECT ADDED ENTRY--GEOGRAPHIC NAME
Geographic name India
General subdivision Social life and customs.

No items available.

Powered by Koha